<?xml version="1.0" encoding="UTF-8"?>
<collection xmlns="http://www.loc.gov/MARC21/slim">
 <record>
  <leader>02727nam a2200325 a 4500</leader>
  <controlfield tag="001">TVCDKTCT128355</controlfield>
  <controlfield tag="003">TVCĐKTCT</controlfield>
  <controlfield tag="005">20220928080122.000</controlfield>
  <controlfield tag="008">220511syyyy    vn                       </controlfield>
  <datafield tag="980" ind1="\" ind2="\">
   <subfield code="a">Thư viện Trường CĐ Kỹ Thuật Cao Thắng</subfield>
  </datafield>
  <datafield tag="024" ind1=" " ind2=" ">
   <subfield code="a">RG_2 #1 eb0 i1</subfield>
  </datafield>
  <datafield tag="041" ind1="0" ind2="#">
   <subfield code="a">vie</subfield>
  </datafield>
  <datafield tag="082" ind1="#" ind2="#">
   <subfield code="a">658.5 </subfield>
   <subfield code="b">GI-108T</subfield>
  </datafield>
  <datafield tag="100" ind1="1" ind2="#">
   <subfield code="a">Bộ môn Kinh tế </subfield>
  </datafield>
  <datafield tag="245" ind1="1" ind2="0">
   <subfield code="a">Giáo trình quản trị sản xuất / </subfield>
   <subfield code="c">Bộ môn Kinh tế</subfield>
  </datafield>
  <datafield tag="260" ind1="#" ind2="#">
   <subfield code="a">Tp.HCM : </subfield>
   <subfield code="b">CĐKT Cao Thắng, </subfield>
   <subfield code="c">2018</subfield>
  </datafield>
  <datafield tag="300" ind1=" " ind2=" ">
   <subfield code="a">101tr. ; </subfield>
   <subfield code="c">27cm</subfield>
  </datafield>
  <datafield tag="520" ind1="#" ind2="#">
   <subfield code="a">Nội dung giáo trình gồm 5 chương. Mỗi chương đều có mục tiêu cụ thể, đạt được chuẩn đầu ra. Sau khi học xong, sinh viên có khả năng: Chương 1: - Phân biệt được các loại hình doanh nghiệp; - Trình bày được ưu và nhược điểm của các loại hình doanh nghiệp. Chương 2: :Dự báo trong quản trị sản xuất&quot; - Trình bày được các phương pháp dự báo nhu cầu thị trường; - Vận dụng các phương pháp dự báo, dự báo nhu cầu mua sắm của thị trường đối với sản phẩm của doanh nghiệp. Chương 3 &quot;Hoạch định nguồn lực sản xuất&quot; - Trình bày được nội dung các chiến lược hoạch định tổng hợp trong doanh nghiệp; - Tính toán chi phí cho các chiến lược hoạch định tổng hợp theo các phương pháp khác nhau. Chương 4 &quot; Hoạch định nhu cầu nguyên vật liệu&quot; - Phân tích được kết cấu sản phẩm; - Tính toán nhu cầu và lập kế hoạch đặt hàng cho các loại vật tư. Chương 5 &quot; Lập tiến độ dự án và bố trí lịch trình sản xuất&quot; - Lập và kiểm soát tiến độ dự án theo sơ đồ Grant, sơ đồ Pert; - Sắp xếp thứ tự và phân công công việc theo phương án tối ưu.</subfield>
  </datafield>
  <datafield tag="541" ind1="#" ind2="#">
   <subfield code="a">Mua</subfield>
  </datafield>
  <datafield tag="650" ind1="#" ind2="4">
   <subfield code="a">Quản trị sản xuất--Giáo trình</subfield>
  </datafield>
  <datafield tag="721" ind1="#" ind2="#">
   <subfield code="a">01. CNKT Điện - Điện tử</subfield>
  </datafield>
  <datafield tag="721" ind1="#" ind2="#">
   <subfield code="a">02. CNKT Điện tử viễn thông</subfield>
  </datafield>
  <datafield tag="721" ind1="#" ind2="#">
   <subfield code="a">03. CNKT Cơ khí</subfield>
  </datafield>
  <datafield tag="721" ind1="#" ind2="#">
   <subfield code="a">04. CNKT Ô tô</subfield>
  </datafield>
  <datafield tag="721" ind1="#" ind2="#">
   <subfield code="a">05. Công nghệ thông tin</subfield>
  </datafield>
  <datafield tag="721" ind1="#" ind2="#">
   <subfield code="a">06. CNKT Nhiệt lạnh</subfield>
  </datafield>
  <datafield tag="721" ind1="#" ind2="#">
   <subfield code="a">07. CNKT Cơ điện tử</subfield>
  </datafield>
  <datafield tag="721" ind1="#" ind2="#">
   <subfield code="a">08. CNKT Điều khiển và Tự động hóa</subfield>
  </datafield>
  <datafield tag="721" ind1="#" ind2="#">
   <subfield code="a">09. Kế Toán</subfield>
  </datafield>
  <datafield tag="841" ind1="#" ind2="#">
   <subfield code="b">Kho Sách </subfield>
   <subfield code="j">100054414, 100054419, 100054424, 100054434, 100054444</subfield>
  </datafield>
 </record>
</collection>
